[Event "St Petersburg White Nights op"]
[Site "St Petersburg"]
[Date "2009.06.15"]
[Round "7"]
[White "Nikolaev, Vadim S"]
[Black "Volkova, Svetlana"]
[Result "1-0"]
[WhiteElo "2113"]
[BlackElo "2018"]
[PlyCount "77"]
[EventDate "2009.06.09"]
[EventType "swiss"]
[EventRounds "9"]
[EventCountry "RUS"]
[SourceTitle "EXT 2011"]
[Source "ChessBase"]
[SourceDate "2010.11.26"]
[SourceVersion "1"]
[SourceVersionDate "2010.11.26"]
[SourceQuality "1"]

1. d4 Nf6 2. Nf3 g6 3. c4 Bg7 4. g3 0-0 5. Bg2 d6 6. b3 e5 7. e3 Re8 8. Bb2 e4 9. Nfd2 Bf5 10. Nc3 c6 11. d5 Na6 12. dxc6 bxc6 13. 0-0 Nc5 14. Ne2 Nd3 15. Bc3 c5 16. Qc2 Qe7 17. Nf4 Nxf4 18. gxf4 Rad8 19. Rfe1 h5 20. Rad1 Qe6 21. Bxf6 Bxf6 22. Kh1 Bh4 23. Nb1 Bh3 24. Rg1 Bxg2+ 25. Rxg2 d5 26. cxd5 Rxd5 27. Rxd5 Qxd5 28. Rg1 Rd8 29. Kg2 Bf6 30. Rc1 h4 31. Qxc5 h3+ 32. Kxh3 Qd7+ 33. Kg3 Bb2 34. Re1 Kg7 35. Qc2 Rh8 36. Qxb2+ f6 37. h4 g5 38. fxg5 Qd6+ 39. Kg2 1-0

[Event "St Petersburg White Nights op"]
[Site "St Petersburg"]
[Date "2009.06.13"]
[Round "5"]
[White "Grachev, Alexey"]
[Black "Nikolaev, Vadim S"]
[Result "1/2-1/2"]
[WhiteElo "2212"]
[BlackElo "2113"]
[PlyCount "139"]
[EventDate "2009.06.09"]
[EventType "swiss"]
[EventRounds "9"]
[EventCountry "RUS"]
[SourceTitle "EXT 2011"]
[Source "ChessBase"]
[SourceDate "2010.11.26"]
[SourceVersion "1"]
[SourceVersionDate "2010.11.26"]
[SourceQuality "1"]

1. Nf3 d5 2. d4 Nf6 3. c4 e6 4. g3 dxc4 5. Qa4+ Nbd7 6. Qxc4 c5 7. Bg2 a6 8. dxc5 Bxc5 9. 0-0 b5 10. Qc3 b4 11. Qc2 Bb7 12. Bg5 Rc8 13. Qa4 0-0 14. Nbd2 h6 15. Bxf6 Nxf6 16. Nb3 Be7 17. Rac1 Qb6 18. Ne5 Bxg2 19. Kxg2 Rfd8 20. Nc6 Qb7 21. Kg1 Re8 22. Nxe7+ Qxe7 23. Rc6 Qd7 24. Rfc1 Nd5 25. Qxa6 Ra8 26. Qc4 Rxa2 27. e4 Nf6 28. Rc7 Qd6 29. Rc2 Qe5 30. Qe2 Qxe4 31. Qxe4 Nxe4 32. R7c4 Nf6 33. Rxb4 Nd5 34. Rb7 Raa8 35. Rc5 Reb8 36. Rcb5 Rxb7 37. Rxb7 Ra4 38. Kf1 g5 39. Ke2 g4 40. Nd2 Rd4 41. Nf1 Kg7 42. Ne3 Nb4 43. Rc7 Kf6 44. Rc4 Rxc4 45. Nxc4 e5 46. Kd2 Ke6 47. Ne3 f5 48. Kc3 Nc6 49. b4 Nd4 50. Kc4 Kd6 51. b5 h5 52. b6 Kc6 53. b7 Kxb7 54. Kd5 Nf3 55. Nxf5 Kc7 56. Nh4 Nxh2 57. Kxe5 Nf1 58. Kf4 Nd2 59. Nf5 Nf3 60. Nh4 Nd2 61. Ng6 Kd6 62. Kf5 Kd5 63. Nf4+ Kd4 64. Nxh5 Ne4 65. Kxg4 Nxf2+ 66. Kf4 Kd5 67. Kf5 Kd6 68. Nf6 Ke7 69. Kg6 Nh1 70. Nd5+ 1/2-1/2

[Event "St Petersburg op"]
[Site "St Petersburg"]
[Date "2009.01.10"]
[Round "8"]
[White "Nikolaev, Vadim S"]
[Black "Smirnov, Artem"]
[Result "0-1"]
[WhiteElo "2143"]
[BlackElo "2449"]
[PlyCount "102"]
[EventDate "2009.01.03"]
[EventType "swiss"]
[EventRounds "9"]
[EventCountry "RUS"]
[SourceTitle "EXT 2010"]
[Source "ChessBase"]
[SourceDate "2010.11.25"]
[SourceVersion "1"]
[SourceVersionDate "2010.11.25"]
[SourceQuality "1"]

1. d4 Nf6 2. Nf3 g6 3. b3 Bg7 4. Bb2 0-0 5. c4 d6 6. Nbd2 e5 7. dxe5 Ng4 8. e3 Nxe5 9. Qc2 Nbc6 10. a3 Bf5 11. e4 Nxf3+ 12. gxf3 Be6 13. Bxg7 Kxg7 14. Qc3+ Qf6 15. Qxf6+ Kxf6 16. f4 Nd4 17. Rc1 Kg7 18. Bg2 Rae8 19. f3 f5 20. Rf1 Bd7 21. Kf2 fxe4 22. fxe4 Rxf4+ 23. Ke3 Rxf1 24. Bxf1 Nc6 25. b4 Ne5 26. Be2 Bg4 27. c5 d5 28. Bxg4 Nxg4+ 29. Kf4 Nf2 30. Kf3 Nxe4 31. Nb3 Ng5+ 32. Kf2 Rf8+ 33. Kg2 Rf3 34. Nd4 Rxa3 35. h4 Ra2+ 36. Kg3 Ne4+ 37. Kf4 c6 38. Ke5 Rb2 39. b5 cxb5 40. Ne6+ Kf7 41. Nd8+ Ke7 42. Nxb7 Kd7 43. Kxd5 Kc7 44. Nd6 Nf6+ 45. Ke6 Nd7 46. Ne4 Kc6 47. Kf7 Rb4 48. Ng5 Rxh4 49. Ne6 Rc4 50. Nd8+ Kxc5 51. Ne6+ Kb6 0-1

[Event "St Petersburg June op"]
[Site "St Petersburg"]
[Date "2008.06.25"]
[Round "5"]
[White "Nikolaev, Vadim S"]
[Black "Ermolov, Vasily"]
[Result "1-0"]
[WhiteElo "2163"]
[BlackElo "2035"]
[PlyCount "93"]
[EventDate "2008.06.21"]
[EventType "swiss"]
[EventRounds "9"]
[EventCountry "RUS"]
[SourceTitle "CBM 125 Extra"]
[Source "ChessBase"]
[SourceDate "2008.09.01"]
[SourceVersion "1"]
[SourceVersionDate "2008.09.01"]
[SourceQuality "1"]

1. d4 Nf6 2. Nf3 g6 3. c4 Bg7 4. g3 0-0 5. Bg2 d6 6. 0-0 c5 7. Nc3 Nbd7 8. b3 cxd4 9. Nxd4 a6 10. Bb2 Qc7 11. Rc1 Nc5 12. Nd5 Nxd5 13. cxd5 Qd8 14. b4 Nd7 15. Bc3 Ne5 16. f4 Ng4 17. Qd2 Qb6 18. h3 Nh6 19. g4 Bd7 20. Kh1 Rac8 21. Bb2 e5 22. fxe5 Rxc1 23. Rxc1 Bxe5 24. e4 Kg7 25. g5 Ng8 26. Nf3 f6 27. gxf6+ Bxf6 28. e5 dxe5 29. Nxe5 Bf5 30. Nc4 Qd8 31. d6 Bxb2 32. Qxb2+ Nf6 33. Qd4 Qc8 34. Rc3 Rd8 35. Nb6 Rxd6 36. Qxf6+ Rxf6 37. Nxc8 b5 38. Rc7+ Kh6 39. Ne7 Kg5 40. Nxf5 Rxf5 41. Rc5 Kf4 42. Rxf5+ gxf5 43. Bb7 Ke3 44. Bxa6 Kd4 45. Bxb5 Kc3 46. a3 Kb3 47. Be2 1-0

[Event "St Petersburg June op"]
[Site "St Petersburg"]
[Date "2008.06.21"]
[Round "1"]
[White "Nikolaev, Vadim S"]
[Black "Mukha, Aleksey"]
[Result "1-0"]
[WhiteElo "2163"]
[BlackElo "1857"]
[PlyCount "25"]
[EventDate "2008.06.21"]
[EventType "swiss"]
[EventRounds "9"]
[EventCountry "RUS"]
[SourceTitle "CBM 125 Extra"]
[Source "ChessBase"]
[SourceDate "2008.09.01"]
[SourceVersion "1"]
[SourceVersionDate "2008.09.01"]
[SourceQuality "1"]

1. d4 Nf6 2. Nf3 e6 3. a3 c5 4. c4 cxd4 5. Nxd4 Nc6 6. Nc3 d5 7. cxd5 exd5 8. Bf4 Qb6 9. Ndb5 Ne4 10. Nc7+ Kd8 11. Nxe4 Qxb2 12. Qxd5+ Bd7 13. Rd1 1-0

[Event "St Petersburg Chigorin CC-ch"]
[Site "St Petersburg"]
[Date "2008.05.13"]
[Round "1"]
[White "Nikolaev, Vadim S"]
[Black "Kudriavtsev, Yury"]
[Result "1-0"]
[WhiteElo "2163"]
[BlackElo "1917"]
[PlyCount "73"]
[EventDate "2008.05.13"]
[EventType "swiss"]
[EventRounds "9"]
[EventCountry "RUS"]
[SourceTitle "CBM 124 Extra"]
[Source "ChessBase"]
[SourceDate "2008.07.03"]
[SourceVersion "1"]
[SourceVersionDate "2008.07.03"]
[SourceQuality "1"]

1. d4 d5 2. Nf3 c6 3. Nbd2 Bf5 4. Nh4 e6 5. Nxf5 exf5 6. g3 Bd6 7. Bg2 Nd7 8. 0-0 Ngf6 9. c4 Rc8 10. cxd5 Nxd5 11. Qc2 g6 12. Nc4 Bb8 13. Bh6 Qf6 14. Bxd5 cxd5 15. Nd6+ Bxd6 16. Qxc8+ Ke7 17. Qc1 Qxd4 18. Rd1 Qc5 19. Qxc5 Nxc5 20. Rxd5 Ne4 21. Be3 b6 22. Rad1 Rd8 23. f3 Nc5 24. Bg5+ f6 25. Bxf6+ Kxf6 26. Rxd6+ Rxd6 27. Rxd6+ Ke7 28. Rd2 h6 29. Kf2 g5 30. Ke3 a6 31. Kd4 Ke6 32. e4 fxe4 33. fxe4 Nd7 34. e5 Nc5 35. b4 Nd7 36. g4 Nf8 37. Ke4 1-0

[Event "St Petersburg Mai op"]
[Site "St Petersburg"]
[Date "2008.05.02"]
[Round "2"]
[White "Tkachev, Taras"]
[Black "Nikolaev, Vadim S"]
[Result "0-1"]
[WhiteElo "1986"]
[BlackElo "2163"]
[PlyCount "76"]
[EventDate "2008.05.01"]
[EventType "swiss"]
[EventRounds "9"]
[EventCountry "RUS"]
[SourceTitle "CBM 124 Extra"]
[Source "ChessBase"]
[SourceDate "2008.07.03"]
[SourceVersion "1"]
[SourceVersionDate "2008.07.03"]
[SourceQuality "1"]

1. d4 d5 2. c4 e6 3. Nf3 Nf6 4. Nc3 c6 5. e3 Nbd7 6. Bd3 Bd6 7. e4 dxe4 8. Nxe4 Nxe4 9. Bxe4 c5 10. 0-0 Qc7 11. d5 e5 12. Re1 Nf6 13. Bd3 0-0 14. Qc2 h6 15. Kh1 Bd7 16. Be3 Ng4 17. Bf5 Rae8 18. h3 Nxe3 19. Rxe3 Re7 20. Nh4 e4 21. Bxd7 Qxd7 22. Rxe4 Rxe4 23. Qxe4 Re8 24. Qc2 Qe7 25. Nf3 Qe2 26. Qxe2 Rxe2 27. Re1 Rxf2 28. Re8+ Kh7 29. Kg1 Rxb2 30. Rd8 Bg3 31. Kf1 Rf2+ 32. Kg1 Rxa2 33. Kf1 Rf2+ 34. Kg1 Rc2 35. Kf1 Kg6 36. Rd7 Rf2+ 37. Kg1 Rb2 38. Kf1 a5 0-1

[Event "St Petersburg March op"]
[Site "St Petersburg"]
[Date "2008.03.27"]
[Round "6"]
[White "Nikolaev, Vadim S"]
[Black "Malakhov, Igor"]
[Result "1/2-1/2"]
[WhiteElo "2163"]
[BlackElo "2288"]
[PlyCount "96"]
[EventDate "2008.03.22"]
[EventType "swiss"]
[EventRounds "9"]
[EventCountry "RUS"]
[SourceTitle "EXT 2010"]
[Source "ChessBase"]
[SourceDate "2010.11.25"]
[SourceVersion "1"]
[SourceVersionDate "2010.11.25"]
[SourceQuality "1"]

1. d4 Nf6 2. Nf3 d5 3. c4 c6 4. Nbd2 Bf5 5. Nh4 Bg6 6. Nxg6 hxg6 7. Qc2 e6 8. a3 Nbd7 9. Nf3 Ne4 10. g3 Be7 11. Bg2 0-0 12. 0-0 b5 13. b3 bxc4 14. bxc4 Bf6 15. Be3 Nb6 16. Ne1 Nxc4 17. Bxe4 Nxe3 18. fxe3 dxe4 19. Qxe4 c5 20. Nf3 Rc8 21. Rac1 Qa5 22. Qd3 Rfd8 23. Rc4 cxd4 24. Rxc8 Rxc8 25. exd4 Rc3 26. Qb1 Qxa3 27. Qb8+ Kh7 28. Qb7 Rc2 29. Qe4 Rc1 30. h4 Rxf1+ 31. Kxf1 Qa5 32. g4 Qd5 33. Qf4 a5 34. g5 e5 35. dxe5 Be7 36. Qa4 Bb4 37. Qc2 Qd7 38. Qc4 Qe6 39. Qc2 Qf5 40. Qb3 Bc5 41. Ke1 Qf4 42. Qc2 Qb4+ 43. Kf1 a4 44. h5 a3 45. e6 Qa5 46. hxg6+ fxg6 47. Ne5 a2 48. Qxg6+ Kh8 1/2-1/2

[Event "St Petersburg March op"]
[Site "St Petersburg"]
[Date "2008.03.26"]
[Round "5"]
[White "Nikolaev, Vadim S"]
[Black "Krylov, Konstantin"]
[Result "0-1"]
[WhiteElo "2163"]
[BlackElo "2223"]
[PlyCount "110"]
[EventDate "2008.03.22"]
[EventType "swiss"]
[EventRounds "9"]
[EventCountry "RUS"]
[SourceTitle "EXT 2010"]
[Source "ChessBase"]
[SourceDate "2010.11.25"]
[SourceVersion "1"]
[SourceVersionDate "2010.11.25"]
[SourceQuality "1"]

1. d4 d5 2. c4 c6 3. e3 Nf6 4. Nc3 e6 5. Nf3 Nbd7 6. Bd3 dxc4 7. Bxc4 b5 8. Bd3 a6 9. e4 b4 10. Na4 c5 11. dxc5 Nxc5 12. Nxc5 Bxc5 13. 0-0 h6 14. Qe2 Bb7 15. Rd1 Qb6 16. h3 Rd8 17. Bf4 0-0 18. Be5 Nd7 19. Bg3 Kh8 20. Rac1 a5 21. Bh4 f6 22. Bg3 Ne5 23. Nxe5 fxe5 24. Rf1 Bd4 25. Kh1 Rd7 26. Bc4 Rdf7 27. f3 Rd7 28. Qc2 Rc8 29. Qe2 Rdc7 30. b3 Ba6 31. Bxa6 Rxc1 32. Bxc8 Rxc8 33. f4 Rc3 34. Bh2 Re3 35. Qc4 Rc3 36. Qe2 Qc5 37. fxe5 Rc1 38. Bf4 Qc2 39. Qb5 Rxf1+ 40. Qxf1 Qxa2 41. Bxh6 Qa1 42. Qxa1 Bxa1 43. Bc1 Bxe5 44. Kg1 a4 45. bxa4 b3 46. a5 b2 47. Bxb2 Bxb2 48. Kf2 Bd4+ 49. Ke2 Kh7 50. Kd3 Ba7 51. e5 Kg6 52. Ke4 Kg5 53. a6 Kh4 54. Kf4 g5+ 55. Kf3 Bb6 0-1

[Event "St Petersburg March op"]
[Site "St Petersburg"]
[Date "2008.03.23"]
[Round "2"]
[White "Nikolaev, Vadim S"]
[Black "Potyavin, Igor"]
[Result "1-0"]
[WhiteElo "2163"]
[BlackElo "2059"]
[PlyCount "123"]
[EventDate "2008.03.22"]
[EventType "swiss"]
[EventRounds "9"]
[EventCountry "RUS"]
[SourceTitle "EXT 2010"]
[Source "ChessBase"]
[SourceDate "2010.11.25"]
[SourceVersion "1"]
[SourceVersionDate "2010.11.25"]
[SourceQuality "1"]

1. d4 d5 2. c4 e6 3. Nc3 c6 4. e3 Nf6 5. Nf3 Nbd7 6. Bd3 Bd6 7. 0-0 0-0 8. e4 dxe4 9. Nxe4 Be7 10. Qc2 h6 11. Bf4 b6 12. h3 Nxe4 13. Bxe4 Bb7 14. Ne5 Nxe5 15. dxe5 Qc7 16. Bg3 Bc5 17. Rad1 Rad8 18. Qc3 Rxd1 19. Rxd1 Rd8 20. Rxd8+ Qxd8 21. b4 Qd1+ 22. Kh2 Be7 23. b5 Qd7 24. Qf3 Qd4 25. bxc6 Bc8 26. Qd3 Qxd3 27. Bxd3 Kf8 28. Bc2 Ke8 29. Ba4 Kd8 30. Kg1 Kc7 31. Kf1 Ba3 32. Ke2 Ba6 33. Kd3 Bc5 34. f3 Bc8 35. Bf4 Ba6 36. g4 Be7 37. Be3 Bd8 38. Bb5 Bc8 39. c5 Be7 40. Kc4 Bf8 41. a4 Be7 42. a5 bxa5 43. Bd2 a4 44. Ba5+ Kb8 45. c7+ Kb7 46. c6+ Ka8 47. Bxa4 Bg5 48. Kd4 Be7 49. f4 g6 50. Bb3 Ba3 51. h4 Be7 52. h5 Bf8 53. hxg6 fxg6 54. Bc2 h5 55. Bxg6 hxg4 56. Ke4 Bc5 57. Be8 Bb6 58. Bxb6 axb6 59. Bd7 Ba6 60. c8Q+ Bxc8 61. Bxc8 Kb8 62. Bxe6 1-0

[Event "St Petersburg op"]
[Site "St Petersburg"]
[Date "2008.01.22"]
[Round "9"]
[White "Solovjova, Valentina"]
[Black "Nikolaev, Vadim S"]
[Result "1-0"]
[WhiteElo "2221"]
[BlackElo "2187"]
[PlyCount "95"]
[EventDate "2008.01.14"]
[EventType "swiss"]
[EventRounds "9"]
[EventCountry "RUS"]
[SourceTitle "EXT 2009"]
[Source "ChessBase"]
[SourceDate "2008.11.26"]
[SourceVersion "1"]
[SourceVersionDate "2008.11.26"]
[SourceQuality "1"]

1. e4 c5 2. c3 Nf6 3. e5 Nd5 4. d4 cxd4 5. Nf3 Nc6 6. cxd4 d6 7. Bc4 e6 8. 0-0 Be7 9. Qe2 a6 10. Nc3 Nxc3 11. bxc3 dxe5 12. dxe5 Qc7 13. Bf4 Bd7 14. Rfe1 Rc8 15. Bd3 Na5 16. Bg5 Ba3 17. Bc1 Bc5 18. Ng5 Be7 19. Nxh7 g6 20. Ng5 Nc4 21. Bf4 b5 22. Qg4 Bxg5 23. Qxg5 Bc6 24. Qg3 Bd5 25. a4 bxa4 26. Rxa4 Nb2 27. Raa1 Nxd3 28. Qxd3 Qc4 29. Qxc4 Bxc4 30. Bg5 Kd7 31. Red1+ Bd5 32. Bf6 Rhg8 33. Rxa6 Rxc3 34. Rxd5+ exd5 35. e6+ fxe6 36. Bxc3 Rc8 37. Be1 d4 38. Ra3 Kd6 39. Kf1 Rc2 40. Rd3 Kd5 41. Bd2 e5 42. f3 Kc4 43. Ke2 Ra2 44. h4 Ra8 45. g4 Re8 46. Ra3 e4 47. fxe4 Rxe4+ 48. Kf3 1-0

[Event "St Petersburg op"]
[Site "St Petersburg"]
[Date "2008.01.20"]
[Round "7"]
[White "Nikolaev, Vadim S"]
[Black "Molchanova, Tatjana"]
[Result "0-1"]
[WhiteElo "2187"]
[BlackElo "2365"]
[PlyCount "74"]
[EventDate "2008.01.14"]
[EventType "swiss"]
[EventRounds "9"]
[EventCountry "RUS"]
[SourceTitle "EXT 2009"]
[Source "ChessBase"]
[SourceDate "2008.11.26"]
[SourceVersion "1"]
[SourceVersionDate "2008.11.26"]
[SourceQuality "1"]

1. d4 d5 2. Nf3 c6 3. Nbd2 f5 4. g3 e6 5. Bg2 Nf6 6. 0-0 Bd6 7. b3 0-0 8. Bb2 Bd7 9. c4 Be8 10. Ne5 Bh5 11. f3 Nbd7 12. Qc2 Nxe5 13. dxe5 Bc5+ 14. Kh1 Nd7 15. Rae1 f4 16. gxf4 Rxf4 17. e3 Rh4 18. f4 Bg6 19. Qc1 Rh6 20. Bd4 Qh4 21. Nf3 Qh5 22. cxd5 Be4 23. Rf2 Bxd4 24. exd4 exd5 25. h3 Qf5 26. Kh2 Nf8 27. Ng1 Bxg2 28. Kxg2 Ne6 29. Qe3 Rf8 30. Ne2 c5 31. Rd1 cxd4 32. Qf3 Kh8 33. Rd3 Rh4 34. Kf1 Nxf4 35. Nxd4 Qxe5 36. Qe3 Qd6 37. Qg3 Rxh3 0-1

[Event "St Petersburg op U18"]
[Site "St Petersburg"]
[Date "2008.01.12"]
[Round "8"]
[White "Nikolaev, Vadim S"]
[Black "Gorjunov, Sergey"]
[Result "0-1"]
[WhiteElo "2187"]
[BlackElo "2088"]
[PlyCount "84"]
[EventDate "2008.01.05"]
[EventType "swiss"]
[EventRounds "9"]
[EventCountry "RUS"]
[SourceTitle "CBM 122 Extra"]
[Source "ChessBase"]
[SourceDate "2008.03.04"]
[SourceVersion "1"]
[SourceVersionDate "2008.03.04"]
[SourceQuality "1"]

1. d4 e6 2. c4 Nf6 3. Nc3 Bb4 4. Qc2 d5 5. cxd5 exd5 6. Bg5 h6 7. Bf4 Nc6 8. Nf3 0-0 9. e3 Nh5 10. Be5 Nxe5 11. Nxe5 c6 12. Be2 Nf6 13. 0-0 Nd7 14. Nf3 Bd6 15. Rab1 b5 16. e4 b4 17. e5 Be7 18. Na4 Nb6 19. Nc5 a5 20. b3 Ra7 21. Ne1 Nd7 22. Ned3 Qb6 23. f4 Nxc5 24. dxc5 Qc7 25. f5 Bg5 26. Bg4 Be3+ 27. Kh1 Ba6 28. e6 f6 29. Rf3 Bxd3 30. Qxd3 Bxc5 31. Rh3 Qe5 32. Bh5 Rfa8 33. Qc2 Be7 34. Bf7+ Kh7 35. Bg6+ Kh8 36. Qxc6 Rd8 37. Rd1 Rc7 38. Qb6 d4 39. Qa6 Rdc8 40. Qf1 Rc3 41. Qa6 Rc1 42. Rhd3 Qe1+ 0-1

[Event "St Petersburg White Nights CYSS op"]
[Site "St Petersburg"]
[Date "2007.06.10"]
[Round "9"]
[White "Kazakevich, Grigoriy"]
[Black "Nikolaev, Vadim S"]
[Result "0-1"]
[WhiteElo "2141"]
[BlackElo "2171"]
[PlyCount "105"]
[EventDate "2007.06.02"]
[EventType "swiss"]
[EventRounds "9"]
[EventCountry "RUS"]
[SourceTitle "EXT 2022"]
[Source "ChessBase"]
[SourceDate "2021.10.06"]
[SourceVersion "1"]
[SourceVersionDate "2021.10.06"]
[SourceQuality "1"]

1. e4 c5 2. Nf3 Nc6 3. d4 cxd4 4. Nxd4 Qc7 5. Nc3 e6 6. Be3 a6 7. a3 b5 8. Nb3 d6 9. Be2 Bb7 10. 0-0 Nf6 11. f4 Be7 12. Bf3 Nd7 13. a4 b4 14. Nb1 Na5 15. Nxa5 Qxa5 16. c4 Nc5 17. Nd2 0-0 18. Nb3 Nxb3 19. Qxb3 Bc6 20. Rfd1 Rab8 21. Rd3 Qc7 22. Bf2 a5 23. Qd1 Qb7 24. Qe2 b3 25. Be1 Qa6 26. Rdd1 Rfc8 27. Qd3 Be8 28. Be2 Rc6 29. Bc3 Bd8 30. Qg3 f6 31. Kh1 e5 32. fxe5 dxe5 33. Qf3 Qc8 34. Rf1 Rc5 35. Bd2 Be7 36. Be3 Rc7 37. Rfc1 Bf7 38. Qf1 Bc5 39. Bxc5 Rxc5 40. Qd1 Qc6 41. Rc3 Qxe4 42. Rxb3 Rbc8 43. Rb5 Bxc4 44. Rxc5 Rxc5 45. Qd8+ Kf7 46. Bh5+ Ke6 47. Qe8+ Kf5 48. Bf3 Qh4 49. Qd7+ Kg6 50. Qd6 Qd4 51. Qe7 Rc8 52. Rd1 Qc5 53. Qd7 0-1

[Event "St Petersburg-ch Seniors"]
[Site "St Petersburg"]
[Date "2007.03.28"]
[Round "5"]
[White "Nikolaev, Vadim S"]
[Black "Golcman, Evgeny"]
[Result "1-0"]
[WhiteElo "2246"]
[BlackElo "2237"]
[PlyCount "77"]
[EventDate "2007.03.19"]
[EventType "swiss"]
[EventRounds "9"]
[EventCountry "RUS"]
[SourceTitle "EXT 2010"]
[Source "ChessBase"]
[SourceDate "2010.11.25"]
[SourceVersion "1"]
[SourceVersionDate "2010.11.25"]
[SourceQuality "1"]

1. d4 f5 2. c4 Nf6 3. Nc3 g6 4. Nf3 Bg7 5. g3 0-0 6. Bg2 d6 7. 0-0 Nc6 8. d5 Na5 9. Nd2 c5 10. Qc2 Bd7 11. b3 a6 12. a4 Rb8 13. Bb2 b5 14. axb5 axb5 15. Nxb5 Bxb5 16. cxb5 Rxb5 17. Bc3 Nd7 18. Bxg7 Kxg7 19. Ra3 Kg8 20. Rfa1 Nb7 21. e4 Ra5 22. Rxa5 Nxa5 23. exf5 gxf5 24. Bh3 Nf6 25. Bxf5 Nb7 26. Ne4 h6 27. Qd2 Nxe4 28. Bxe4 Rf6 29. Qe2 c4 30. Qxc4 Qb6 31. Qe2 Nd8 32. Ra8 Rf8 33. Qg4+ Kh8 34. Bf5 Qxb3 35. Qg6 Qd1+ 36. Kg2 Qxd5+ 37. Be4 Rxf2+ 38. Kxf2 Qd2+ 39. Kg1 1-0

[Event "St Petersburg-ch Seniors"]
[Site "St Petersburg"]
[Date "2007.03.23"]
[Round "3"]
[White "Nikolaev, Vadim S"]
[Black "Korolev, Alexey"]
[Result "1-0"]
[WhiteElo "2246"]
[BlackElo "2087"]
[PlyCount "53"]
[EventDate "2007.03.19"]
[EventType "swiss"]
[EventRounds "9"]
[EventCountry "RUS"]
[SourceTitle "EXT 2010"]
[Source "ChessBase"]
[SourceDate "2010.11.25"]
[SourceVersion "1"]
[SourceVersionDate "2010.11.25"]
[SourceQuality "1"]

1. d4 Nf6 2. Nf3 g6 3. b3 Bg7 4. Bb2 d5 5. e3 0-0 6. Bd3 b6 7. c4 Bb7 8. cxd5 Qxd5 9. Nc3 Qa5 10. 0-0 Nbd7 11. Nb5 Nd5 12. a3 c5 13. b4 cxb4 14. axb4 Qxb4 15. Ba3 Qa5 16. Bxe7 Qxa1 17. Qxa1 Nxe7 18. Qa3 Nc8 19. Rc1 Rd8 20. Rc7 Bf8 21. Qa2 Rb8 22. Ng5 Ne5 23. dxe5 Bd5 24. Qc2 Be7 25. h4 a5 26. Bc4 h6 27. Bxd5 1-0

[Event "St Petersburg-ch sf"]
[Site "St Petersburg"]
[Date "2007.02.15"]
[Round "6"]
[White "Nikolaev, Vadim S"]
[Black "Ubykin, Vladimir"]
[Result "1/2-1/2"]
[WhiteElo "2246"]
[BlackElo "2126"]
[PlyCount "114"]
[EventDate "2007.02.10"]
[EventType "swiss"]
[EventRounds "9"]
[EventCountry "RUS"]
[SourceTitle "EXT 2008"]
[Source "ChessBase"]
[SourceDate "2007.11.25"]
[SourceVersion "1"]
[SourceVersionDate "2007.11.25"]
[SourceQuality "1"]

1. d4 Nf6 2. Nf3 g6 3. b3 Bg7 4. Bb2 d5 5. e3 0-0 6. Bd3 b6 7. c4 Bb7 8. Nbd2 e6 9. 0-0 Nbd7 10. Qb1 c5 11. Rd1 Qc7 12. Rc1 Rac8 13. b4 Qb8 14. dxc5 bxc5 15. bxc5 Nxc5 16. Be5 Qa8 17. Be2 Nfe4 18. Bxg7 Kxg7 19. Qb2+ Kg8 20. cxd5 Nxd2 21. Qxd2 Bxd5 22. Qd4 Ne4 23. Ne5 Rxc1+ 24. Rxc1 Rc8 25. Re1 Qb7 26. Bd3 Qb6 27. Qxb6 axb6 28. Nd7 Nc5 29. Nf6+ Kg7 30. Nxd5 Nxd3 31. Nxb6 Rc2 32. Ra1 Rc6 33. Rb1 Nb2 34. Nd7 Na4 35. Kf1 Rc3 36. Ne5 Kf6 37. f4 Nc5 38. Ra1 Ra3 39. Rc1 Nd3 40. Nxd3 Rxd3 41. Ke2 Ra3 42. Rc2 h5 43. Kf3 Kg7 44. Ke4 Kf6 45. g3 g5 46. fxg5+ Kxg5 47. Kf3 f6 48. Re2 f5 49. h3 h4 50. Rg2 hxg3 51. Rxg3+ Kh5 52. Rg2 e5 53. Rb2 f4 54. Re2 Kh4 55. Kf2 Kxh3 56. exf4 exf4 57. Rb2 Kg4 1/2-1/2

[Event "St Petersburg-ch sf"]
[Site "St Petersburg"]
[Date "2007.02.13"]
[Round "4"]
[White "Sokolov, Anatoly V"]
[Black "Nikolaev, Vadim S"]
[Result "0-1"]
[WhiteElo "2124"]
[BlackElo "2246"]
[PlyCount "92"]
[EventDate "2007.02.10"]
[EventType "swiss"]
[EventRounds "9"]
[EventCountry "RUS"]
[SourceTitle "EXT 2008"]
[Source "ChessBase"]
[SourceDate "2007.11.25"]
[SourceVersion "1"]
[SourceVersionDate "2007.11.25"]
[SourceQuality "1"]

1. e4 c5 2. Nf3 Nc6 3. d4 cxd4 4. Nxd4 Qc7 5. Be3 Nf6 6. Nc3 e6 7. a3 a6 8. Bd3 Bd6 9. h3 Be5 10. Nde2 d5 11. Bg5 dxe4 12. Bxf6 Bxf6 13. Bxe4 0-0 14. Qd3 Ne5 15. Qg3 Qb6 16. 0-0 g6 17. Rab1 Bg7 18. Rfd1 Bd7 19. Kh1 Rad8 20. h4 f5 21. Bf3 Nxf3 22. Qxf3 Bc6 23. Qe3 Qxe3 24. fxe3 Bf6 25. h5 g5 26. Nd4 Bd7 27. Nb3 Kg7 28. Nc5 Bc8 29. N3a4 Be7 30. b4 Kh6 31. Nb6 Bxc5 32. bxc5 Kxh5 33. Rd4 e5 34. Rxd8 Rxd8 35. Nxc8 Rxc8 36. Rxb7 Rxc5 37. Rxh7+ Kg4 38. Rh6 Rxc2 39. Kh2 Re2 40. Rh3 f4 41. exf4 exf4 42. Rh6 f3 43. Rxa6 Rxg2+ 44. Kh1 Ra2 45. Ra5 Kf4 46. Kg1 g4 0-1